Avoid the Disney Characters Quiz Stats

 Plays Quiz Updated Aug 26, 2019

Score 0/20 Timer 04:00
18 Plays Today
Question Answer Wrong Answers
Which character is not a Disney character? Johnny Bravo
96.2%
Kronk
0.7%
Gaston
0.2%
Hercules
0.4%
Which character is not a Disney character? George
95.7%
Terk
0.9%
Louie
0.6%
Rafiki
0.4%
Which character is not a Disney character? Cosmo & Wanda
95.7%
Tinker Bell
1.5%
Fairy Godmother
0.2%
Flora, Fauna & Merryweather
0.2%
Which character is not a Disney character? Donphan
94.8%
Tantor
1.6%
Dumbo
0.4%
Colonel Hathi
0.9%
Which character is not a Disney character? Squidward
93.1%
Grumpy
0.2%
Hellfire
1.6%
Carl Fredricksen
2.7%
Which character is not a Disney character? Woody Woodpecker
92.5%
Zazu
1.9%
Owl
2.6%
Iago
0.7%
Which character is not a Disney character? Mr. Peabody
91.2%
Bolt
5.8%
Pongo
0.3%
Tramp
0.3%
Which character is not a Disney character? Brain
90.9%
Jaq
0.9%
Remy
4%
Mickey
2%
Which character is not a Disney character? Bugs Bunny
88.7%
Thumper
1%
Rabbit
5.2%
White Rabbit
2.8%
Which character is not a Disney character? Plankton
88.4%
Mike Wazowski
5%
Atropos (Fates)
1.6%
Pleakley
2.7%
Which character is not a Disney character? Tigress
84.2%
Tigger
10.7%
Shere Khan
0.7%
Raj
2.1%
Which characters are not Disney characters? Simon, Alvin & Theodore
84%
Baloo, Bagheera & Mowglii
1.3%
Chip, Dale, & Gadget
8%
Huey, Dewey & Louie
4.5%
Which character is not a Disney character? Megamind
83.9%
Sadness
7.9%
Stitch
5.5%
Genie
0.4%
Which character is not a Disney character? Dino
82.8%
Rex
3.2%
The Good Dinosaur
2.6%
Aladar
9%
Which character is not a Disney character? Cindy
82.1%
Lilo
1.8%
Penny
5%
Riley
8.8%
Which character is not a Disney character? Barry B. Benson
76.8%
Ray
7.8%
Flik
11.6%
Jiminy Cricket
1.5%
Which character is not a Disney character? Oh
76.3%
Yzma
4.7%
Fear
16.2%
Ursula
0.5%
Which character is not a Disney character? Po
72.7%
Lots-o'-Huggin' Bear
11%
Kenai
5.3%
Winnie-the-Pooh
8.7%
Which character is not a Disney character? Toothless
72.1%
Mushu
1.5%
Maleficent
2.2%
Elliott
21.8%
Which character is not a Disney character? Fender
67.4%
Baymax
13.8%
EVE
5.4%
Zurg
11.1%

You're not logged in!

Compare scores with friends on all Sporcle quizzes.
OR
Log In

Sporcle TV

Today on Sporcle TV


Watch our educational content, quiz creation guides, and fun videos on Sporcle TV.

Show Comments

Extras

Top Quizzes Today


Score Distribution

Your Account Isn't Verified!

In order to create a playlist on Sporcle, you need to verify the email address you used during registration. Go to your Sporcle Settings to finish the process.

Report this User

Report this user for behavior that violates our Community Guidelines.

Details: